书目信息 |
| 题名: |
合理用药问答
|
|
| 作者: | 解斌,朱惠芳 主编 | |
| 分册: | ||
| 出版信息: | 北京 人民卫生出版社 1993.07 |
|
| 页数: | 414页 | |
| 开本: | 19cm | |
| 丛书名: | ||
| 单 册: | ||
| 中图分类: | R98-44 | |
| 科图分类: | ||
| 主题词: | 药物学 | |
| 电子资源: | ||
| ISBN: | 7-117-01910-7 | |
| 000 | 00537nam0 2200181 45 | |
| 001 | 9911301546 | |
| 005 | 19991130153935.4 | |
| 010 | @a7-117-01910-7@d6.25 | |
| 100 | @a19991130d1993 km y0chiy0120 ea | |
| 101 | @achi | |
| 105 | @a z 000yy | |
| 200 | 1 | @a合理用药问答@AHe Li Yong Yao Wen Da@f解斌,朱惠芳 主编@FJie Bin,Zhu Hui Fang Zhu Bian |
| 210 | @a北京@c人民卫生出版社@d1993.07 | |
| 215 | @a414页@c无图表@d19cm | |
| 606 | 0 | @a药物学 |
| 690 | @aR98-44@v3 | |
| 801 | @aCN@bPerfectUser@c19991130 | |
| 905 | @aBZT@b43430-449@f23@dR98-44@e2 | |
| 合理用药问答/解斌,朱惠芳 主编.-北京:人民卫生出版社,1993.07 |
| 414页:无图表;19cm |
| ISBN 7-117-01910-7:6.25 |
| ● |
| 相关链接 |
|
|
|
正题名:合理用药问答
索取号:R98-44/2
 
预约/预借
| 序号 | 登录号 | 条形码 | 馆藏地/架位号 | 状态 | 备注 |
| 1 | 43430 | 200534403 | 中心书库中库/ 中库015架B面6列1层19/ [索取号:R98-44/2] | 在馆 | |
| 2 | 43431 | 200534396 | 中心书库中库/ 中库015架B面6列1层8/ [索取号:R98-44/2] | 在馆 | |
| 3 | 43432 | 200534332 | 中心书库中库/ 中库015架B面6列1层9/ [索取号:R98-44/2] | 在馆 | |
| 4 | 43433 | 200534323 | 中心书库中库/ 中库015架B面6列1层21/ [索取号:R98-44/2] | 在馆 | |
| 5 | 43434 | 200534378 | 中心书库中库/ 中库015架B面6列1层23/ [索取号:R98-44/2] | 在馆 | |
| 6 | 43435 | 200534387 | 中心书库中库/ 中库015架B面6列1层16/ [索取号:R98-44/2] | 在馆 | |
| 7 | 43436 | 200534314 | 中心书库中库/ 中库015架B面6列1层28/ [索取号:R98-44/2] | 在馆 | |
| 8 | 43437 | 200549558 | 中心书库中库/ 中库015架B面6列1层12/ [索取号:R98-44/2] | 在馆 | |
| 9 | 43438 | 200549585 | 中心书库中库/ 中库015架B面6列1层24/ [索取号:R98-44/2] | 在馆 | |
| 10 | 43439 | 200549530 | 中心书库中库/ 中库015架B面6列1层27/ [索取号:R98-44/2] | 在馆 | |
| 11 | 43440 | 200549549 | 中心书库中库/ 中库015架B面6列1层11/ [索取号:R98-44/2] | 在馆 | |
| 12 | 43441 | 200534350 | 中心书库中库/ 中库015架B面6列1层30/ [索取号:R98-44/2] | 在馆 | |
| 13 | 43442 | 200534449 | 中心书库中库/ 中库015架B面6列1层17/ [索取号:R98-44/2] | 在馆 | |
| 14 | 43443 | 200534369 | 中心书库中库/ 中库015架B面6列1层18/ [索取号:R98-44/2] | 在馆 | |
| 15 | 43444 | 200534467 | 中心书库中库/ 中库015架B面6列1层15/ [索取号:R98-44/2] | 在馆 | |
| 16 | 43445 | 200549521 | 中心书库中库/ 中库015架B面6列1层26/ [索取号:R98-44/2] | 在馆 | |
| 17 | 43446 | 200534341 | 中心书库中库/ 中库015架B面6列1层25/ [索取号:R98-44/2] | 在馆 | |
| 18 | 43447 | 200534430 | 中心书库中库/ 中库015架B面6列1层10/ [索取号:R98-44/2] | 在馆 | |
| 19 | 43448 | 200534421 | 中心书库中库/ 中库015架B面6列1层20/ [索取号:R98-44/2] | 在馆 | |
| 20 | 43449 | 200534412 | 中心书库中库/ 中库015架B面6列1层13/ [索取号:R98-44/2] | 在馆 | |
| 21 | 43830 | 200549567 | 中心书库中库/ 中库015架B面6列1层29/ [索取号:R98-44/2] | 在馆 | |
| 22 | 43831 | 200549576 | 中心书库中库/ 中库015架B面6列1层14/ [索取号:R98-44/2] | 在馆 | |
| 23 | 43832 | 200534458 | 中心书库中库/ 中库015架B面6列1层22/ [索取号:R98-44/2] | 在馆 |